000 00546cam a2200181 4500500
005 20260329003531.0
041 _afre
042 _adc
100 1 0 _aLacroix, Alexandre
_eauthor
245 0 0 _aLe Chant de la future victime
260 _c2015.
500 _a7
690 _aAlexandre Lacroix
690 _aphilo
690 _aphilosophie
786 0 _nPhilosophie magazine | 95 | 12-1 | 2015-12-01 | p. 1-1 | 1951-1787
856 4 1 _uhttps://shs.cairn.info/magazine-philosophie-magazine-2015-12-1-page-1?lang=fr&redirect-ssocas=7080
999 _c1825381
_d1825381